000
00229nam a22000857a 4500
008
170614b xxu||||| |||| 00| 0 eng d
100
_9
3418
_a
Aggarwal. M. C
245
_a
A. P. C Lab mathematics - IX
260
_a
New delhi
_b
A. P. C
_c
2009
999
_c
6783
_d
6783